000 00345nam a22001457a 4500
020 _a81-7826-344-0
082 _a823
_bSHA/A
245 _aAS YOU LIKE IT
_bSHORT STORY
246 _aAS YOU LIKE IT
_bSHORT STORY
250 _a2003
260 _aDELHI
_bROHAN BOOK COMPANY
_c2003
300 _a224
520 _aCHILDRENS SHORT STORY
942 _cBK
999 _c339
_d339